000 00970 a2200217 4500
010 _aENG-85154 B-430995
020 _a0195680839
_c595.00
035 _aEN-68687 B-430995
037 _bD.B.Act / Pub
037 _bAllied Pub/Ven
082 1 4 _a340.115 095414
100 1 _aMukhopadhyay, Anindita
_929266
245 1 _aBehind the mask
_bthe cultural defination of the legal subject in colonial Bengal (1715-1911)
_cby Anindita Mukhopadhyay
260 _aNew Delhi
_bOxford University Press
_c2006
270 _aYMCA Library Building, Jai Singh Road
_bNew Delhi
_e110 001
300 _axii, 301p.
_b22 cm (Hb.)
500 _aIncludes index
942 _adpl
_cEN
_k340.115 095414 / MUK
_2ddc
_h340.115095414
_mMUK
999 _c1515
_d1515